000 02838nam a22004817a 4500
001 DVD-007621-629
005 20110819113429.0
006 a|||||r|||||00| 1
007 vd avaazk
008 000310s1997 ii --- | 00| 1 hin
010 _aDVD-007621-629
024 _aDHIF0012
_c149.00
035 _aDVD-007621-629
040 _aDLC
_cDLC
_eamim
082 _aDVD BHAI
245 0 0 _aBhai /
_cdirected & produced by Deepak Shivdasani ; Prafulla Gholkar presents.
257 _aIndia
260 _aNew Delhi :
_bMoser Baer Entertainment],
_c2009 ;
270 _a43B, Oklha Industrial Area
_bNew Delhi
_d110020
300 _a1 DVD (:
_bsd., col. ;
_c4 3/4 in. viewing copy.
500 _aCopyright: Eros International, Ltd. Appl. au.: Prafulla Gholkar. Prev.: Sounds preexisting. DCR 1997; PUB 6Nov97; REG 5May98; PA894-993.
500 _aLC copy is U.S. reissue copy.
_5DLC
500 _aIn Hindi.
500 _aSources used: copyright data sheet; copyright data base; videocasette box.
508 _aMusic, Anand-Milind.
511 1 _aSunil Shetty, Sonali Bendre, Pooja Batra, Shakti Kapoor, Mohan Joshi, Kader Khan.
538 _a5.1 digital sound, NTSC- Allregions, with English sub-titles
541 _3DVD
650 _amotion picture
_933157
700 _aShivdasani, Deepak
_cDirector
_933158
700 _aGholkar, Prafulla
_cProducer
_933159
710 2 _aCopyright Collection (Library of Congress)
_933160
942 _2ddc
_cCF
_hDVD
_mBHAI
999 _c55677
_d55677